000 00916cab a2200301 4500
001 ABS48386
008 090401t1993 xxu||||| |||| 00| 0 eng d
035 _a(Sirsi) u66445
041 _aeng
100 _aCeasar, K.
245 3 _aAn answer to the leasehold market deadlock
260 _c1993
350 _a0
490 _aEstates Gazette
_v(9315) 17 April 1993, 42-44(3)
520 _aArgues for commercial lease reform to favour the tenant on the grounds that occupiers are unable to move premises due to restrictive lease obligations.
650 _a25-YEAR LEASES
650 _aLEASE REFORM
650 _aLEASE STRUCTURE
650 _aLEASES
650 _aPRIVITY OF CONTRACT
650 _aREFORM
650 _aRENT REVIEWS
650 _aUPWARD ONLY RENT REVIEWS
690 _aPROPERTY-COMMERCIAL PROPERTY
690 _aPROPERTY-LANDLORD AND TENANT
942 _n0
948 _c04/03/1997
999 _c41510
_d41510